000 00446ntaaa2200181 4500
003 01
005 20251027202643.0
008 0714s1973 ag 01
040 _aAR-BaBN
_bspa
_cAR-BaBN
_eaacr
_dRIC
082 _a374.0000 D632
100 _aDobbins, G.S.
_920741
245 _aUnderstanding adults
250 _a1 ed.
260 _aNashville :
_bBroadman Press,
_c1948
300 _a147 p
650 _aeducación de adultos
_92116
942 _cBK
999 _c21701
_d21701